000 002820000a22000970004500
100 1 _aPierson, Paul
245 1 0 _aLeadership training and the Latin America Mission
300 _aVol. 75, Num. 2 (Julio-Diciembre, 1995), Páginas 8-9
773 0 _tLatin America Evangelist
942 _cANA
999 _c54917
_d54917